000 00551nam a2200205Ia 4500
005 20250923145704.0
008 008 250917s9999 xx 000 0 eng d
037 _aTextual
040 _aDSWL
_beng
_cDSWL
041 _aeng
_2eng
084 _aW7x, N84
_qDSWL
245 0 _aUtopias
_cEd. by Peter Gill Alexender
260 _aLondon
_bGerald Duckworth
_c1984
300 _axix,218p.
365 _aINR
_b255.96
700 _a Roger GILL
_9837972
925 _g255.96
942 _cTEXL
_hW7x, N84
999 _c1454389
_d1454389